Netherlands India : A study of plural economy
Chapter I: Indonesia, to 1600, Chapter II: The East India company, 1600-1800 ..., Chapter XIII: Plural economy
Na minha lista:
| Autor principal: | |
|---|---|
| Formato: | Livro |
| Idioma: | Undetermined |
| Publicado em: |
Cambridge [Eng.]
The University press
1944
|
| Assuntos: | |
| Tags: |
Adicionar Tag
Sem tags, seja o primeiro a adicionar uma tag!
|
| Thư viện lưu trữ: | Trung tâm Học liệu Trường Đại học Cần Thơ |
|---|
| LEADER | 00789nam a2200217Ia 4500 | ||
|---|---|---|---|
| 001 | CTU_225949 | ||
| 008 | 210402s9999 xx 000 0 und d | ||
| 082 | |a 330.9598 | ||
| 082 | |b F989 | ||
| 100 | |a Furnivall, J. S. | ||
| 245 | 0 | |a Netherlands India : | |
| 245 | 2 | |b A study of plural economy | |
| 245 | 0 | |c J. S. Furnivall | |
| 260 | |a Cambridge [Eng.] | ||
| 260 | |b The University press | ||
| 260 | |c 1944 | ||
| 520 | |a Chapter I: Indonesia, to 1600, Chapter II: The East India company, 1600-1800 ..., Chapter XIII: Plural economy | ||
| 650 | |a Indonesia,Indonesia,Indonesia,Indonesia,Indonesia | ||
| 650 | |x History,Lịch sử,Economic conditions,Economic conditions,Điều kiện kinh tế | ||
| 910 | |b nthai | ||
| 980 | |a Trung tâm Học liệu Trường Đại học Cần Thơ | ||